| 000 | 00620nam a2200181Ia 4500 | ||
|---|---|---|---|
| 008 | 090630s9999 xx 000 0 und d | ||
| 082 | _b1199 | ||
| 100 | _aकाणेकर अनंत. | ||
| 245 |
_aखडक कोरतात आकाश. _cकाणेकर अनंत. |
||
| 260 |
_bदेशमुख रा. ज. _c1964 |
||
| 300 | _a151 | ||
| 600 | _aकाणेकर अनंत. | ||
| 630 | _aखडक कोरतात आकाश. | ||
| 655 | _aप्रवास. | ||
| 700 | _aकाणेकर अनंत. | ||
| 730 | _aखडक कोरतात आकाश. | ||
| 942 | _cBOOK | ||
| 999 |
_c253055 _d253055 |
||